| 000 | 01141nam a2200277Ia 4500 | ||
|---|---|---|---|
| 003 | OSt | ||
| 005 | 20221005105552.0 | ||
| 006 | a|||||r|||| 00| 0 | ||
| 007 | ta | ||
| 008 | 221004b |||||||| |||| 00| 0 hin d | ||
| 020 |
_a9788171198214 (hbk) _cINR 350.00 |
||
| 024 | _a34841 | ||
| 037 |
_bBR-3116, 15/09/2017, Rajkamal Prakashan Pvt. Ltd. _cTextual |
||
| 040 |
_aCRL _cCRL _bhin |
||
| 041 |
_2hin _ahin |
||
| 082 | _aO152,1N177:g, Q1 | ||
| 100 | _aदेवताले, चन्द्रकान्त, ले. | ||
| 245 | 0 | _aमुक्तिबोधः कविता और जीवन-विवेक | |
| 246 | _aMuktibodhah kavitā aur jīvana-viveka | ||
| 260 |
_aनई दिल्ली _bराधाकृष्ण प्रकाशन भारत _c2003 |
||
| 300 |
_a291पृ0 _ccm. |
||
| 650 | _a हिन्दी साहित्य | ||
| 650 | _aहिन्दी कविता | ||
| 942 |
_hO152,1N177:g, Q1 _cTEXL _2cc |
||
| 999 |
_c1016196 _d1016196 |
||